Webster's II New Riverside University Dictionary

Salvato in:
Dettagli Bibliografici
Natura: Libro
Lingua:inglese
Pubblicazione: Boston Riverside Pub. Co. 1984
Edizione:1. ed.
Tags: Aggiungi Tag
Nessun Tag, puoi essere il primo ad aggiungerne!!

MARC

LEADER 00000nam a2200000 4500
001 c039512
005 20221220085931.3
041 0 |a eng 
044 |a US 
245 1 0 |a Webster's II New Riverside University Dictionary 
250 |a 1. ed. 
264 1 |a Boston  |b Riverside Pub. Co.  |c 1984 
300 |a 1536 s.